| 000 | 01629nam a2200121Ia 4500 | ||
|---|---|---|---|
| 008 | 220620s9999||||xx |||||||||||||| ||und|| | ||
| 100 | _aSun, Ge||Dong, Gang||Xiao, Jingfeng||Hao, Lu||Zhang, Zhiqiang | ||
| 245 | 0 | _aAfforestation and Reforestation: Drivers, Dynamics, and Impacts | |
| 546 | _aEnglish[eng] | ||
| 650 | _asimulation modeling||shear strength||stand structure||vegetation restoration||surface runoff||soil and water conservation function||soil enzymes||riverbank||evapotranspiration||human activity||afforestation||Artemisia ordosica||forest cover||precipitation variation||soil bioengineering||base flow||Poyang Lake Basin||in situ calibration||quantification||chlorophyll fluorescence||photoprotection||remote sensing||root distribution||ecosystem model||CASA||afforestation ecosystem||phenophase||vegetation cover change||soil characteristics||Robinia pseudoacacia L. and Pinus tabulaeformis Carr. mixed plantations||composted pine bark||water-energy balance||sediment load||soil respiration||energy partitioning||soil microbial biomass||transpiration||net primary productivity||spatio-temporal scales||seedling quality||peat moss||fresh pine sawdust||understory plants||ring-porous trees||different climatic conditions||dye tests||structural equation model||Loess Plateau||evapotranspiration (ET)||Pinus engelmannii Carr.||empirical statistics||heat dissipation probes||MODIS||slope change ratio of cumulative quantities (SCRCQ)||soil water balance||LAI||climate fluctuation||BTOPMC model||living brush mattress||vegetation greening||streamflow | ||
| 856 | _uhttps://mdpi.com/books/pdfview/book/1713 | ||
| 942 | _cEB | ||
| 999 |
_c21357 _d21357 |
||